Deutsche Kriege - Sudden Death - Statistiken

Allgemein
  • Dieses Quiz wurde 297 mal gespielt
  • Das Durchschnittsergebnis liegt bei 3 aus 11
Answers on the Grid
Answers color-coded by a green-red scale on the quiz's grid according to % correct below.
Deutscher Krieg
Märkischer Krieg
Siebenjähriger Krieg
Dreißigjähriger Krieg
Achtzigjähriger Krieg
Böhmisch-Pfälzische Krieg
Rheinisch-Pfälzischer Krieg
Hundertjähriger Krieg
Rheinisch-Pfälzischer Krieg
Französisch-Preußischer Krieg
Deutsch-Dänischer Krieg
Baden Baden Krieg
Bayerischer Krieg
Spanischer Erbfolgekrieg
Livländischer Krieg
Holländischer Krieg
Niederländisch-Österreichischer Krieg
Dänisch-Schwedischer Krieg
Österreich-Ungarischer Krieg
Dreizehnjähriger Krieg
 
Antwortstatistiken
Antwort % Korrekt
Dreißigjähriger Krieg
59%
Deutsch-Dänischer Krieg
54%
Französisch-Preußischer Krieg
44%
Deutscher Krieg
41%
Siebenjähriger Krieg
38%
Spanischer Erbfolgekrieg
22%
Bayerischer Krieg
18%
Böhmisch-Pfälzische Krieg
16%
Livländischer Krieg
8%
Märkischer Krieg
6%
Holländischer Krieg
1%
Keine übereinstimmenden Quizze gefunden
Verteilung der Resultate
Anzahl Personen mit jedem Resultat
Perzentil nach korrekt beantworteten Fragen
Ihre Resultats-Entwicklung
Sie haben dieses Quiz noch nicht gespielt